000 00977nam a2200277Ia 4500
001 Para_10235
003 CHAP
008 220125sOctu xx 000 0 und d
010 _a208921
040 _cCHAP
090 _aPA CD - TESIS 280
100 1 _aTlapal Bolaños, Bertha
_9113464
245 _aEfecto de Trichoderma y Bacillus en la dinámica poblacional de fusarium spp. en agave tequilero (Agave tequilana Weber. Var. Azul) en Jalisco /
_c Bertha Tlapal Bolaños. Director Cristian Nava Díaz
260 _aMontecillos, Méx. :
_b el autor
300 _a1 CDS ROM (81 p.)
502 _aTesis (Dr. en Ciencias). CP. Colegio de Posgraduados
700 _aNava Diaz, Cristian. Director
_9175227
710 _aUACh. Departamento Parasitología Agrícola
_9164025
901 _aPA CD - TESIS 280
902 _aM
905 _a513220Octubre, 2013 nm 8100000000 06
910 _aOctu
942 _cPARA
942 _cPARA
_d2
999 _c208921
_d208921